1666 1472 1937 1438 1838 1424 1200 1812 1227 1478 1111 1530 1670 1230 1669 1122 1877 1853 1843 1920 1997 1840 1034 1853 1326 1977 1714 1931 1582 1540 1394 1585 1257 1084 1728 1780 1347 1922 1272 1644 1106 1035 1127 1204 1127 1959 1406 1794 1982 1763 1882 1435 1161 1611 1131 1031 1876 1057 1034 1711 1006 1684 1213 1075 1355 1905 1379 1466 1696 1975 1332 1064 1073 1209 1384 1269 1589 1803 1430 1998 1715 1021 1241 1635 1564 1764 1616 1102 1951 1797 1231 1725 1019 1622 1405 1235 1521 1214 1745 BCNSPRNW ULIB Ver.6.0+V

เปลี่ยนเป็นภาษาไทย

Change to English
 แสดงรายละเอียดบรรณานุกรม
  กลับหน้าหลัก

Brief Record : Get Marc (ISO 2709) : E-mail record : QR code < ปิดหน้าต่าง
LEADER : 00000nam 2200000uu 4500
001    13399120628
003     ULIB
008    020711s2551 th a 000 0 tha d
020    9789742367688
050  4 AC158^bท124ม
100    ทรงกลด บางยี่ขัน
245    หมอก /^cทรงกลด บางยี่ขัน
260    กรุงเทพฯ :^bอะบุ๊ก,^c2551
300    264 หน้า
945    ^p160^l0^i15739
999    ^aทศพร เกษรทอง
รายการนี้ยังไม่มีแท็ก
คุณยังไม่ได้ล็อกอิน คุณสามารถมีกิจกรรมร่วมกับเว็บไซต์ได้ แต่ต้องล็อกอินก่อน ::
  ล็อกอิน

รายการสื่อสารสนเทศ

ลำดับที่ ประเภท เลขเรียก/บาร์โค้ด สถานที่ สถานะ
1. วิทยาศาสตร์การแพทย์ และสุขภาพ
วิทยาศาสตร์การแพทย์ และสุขภาพ
AC158 ท124ม ฉ.1 
  Barcode: 15739
ห้องสมุดวิทยาเขตสวรรค์ประชารักษ์
►หนังสือทั่วไป
บนชั้น

รายการใกล้เคียง
    ผู้แต่ง [ทรงกลด บางยี่ขัน]

BibComment


ยังไม่เคยถูกคอมเมนท์

คอมเมนท์ทรัพยากรรายการนี้
  คอมเมนท์: หมอก ทรงกลด บางย..


 Copyright 2026. Bcnsprnw @Library